| 000 | 00519nam a22001697a 4500 | ||
|---|---|---|---|
| 003 | OSt | ||
| 005 | 20221031152825.0 | ||
| 008 | 221031b |||||||| |||| 00| 0 eng d | ||
| 020 | _a1875632 69 7 | ||
| 040 | _cBiblioteca Lado V | ||
| 082 |
_2708 _aC543p |
||
| 100 |
_aChi, Melissa _eeditora _9256 |
||
| 245 |
_aPrimavera 2000/ _bThe belinda exhibition of young artists/ |
||
| 260 |
_aDublin _bMuseo de Arte Contemporaneo, Sydney _c2000 |
||
| 300 |
_a27p. _c21x25cm |
||
| 942 |
_2ddc _c1 _h708 _iC543p _n0 |
||
| 999 |
_c2428 _d2428 |
||